Presidents by Age at Death - Statistics

General Stats
  • This quiz has been taken 29 times
  • The average score is 25 of 39
Answer Stats
Rank President Age at Death Years Lived % Correct
1 Jimmy Carter 100 1924–2024
100%
2 George H. W. Bush 94 1924–2018
95%
3 Gerald Ford 93 1913–2006
95%
4 Ronald Reagan 93 1911–2004
95%
30 Franklin D. Roosevelt 63 1882–1945
77%
39 John F. Kennedy 46 1917–1963
77%
36 Abraham Lincoln 56 1809–1865
73%
7 Harry S. Truman 88 1884–1972
73%
5 John Adams 90 1735–1826
73%
12 Dwight D. Eisenhower 78 1890–1969
68%
19 Grover Cleveland 71 1837–1908
68%
8 James Madison 85 1751–1836
68%
10 John Quincy Adams 80 1767–1848
68%
9 Thomas Jefferson 83 1743–1826
68%
21 William Henry Harrison 68 1773–1841
68%
16 William Howard Taft 72 1857–1930
68%
13 Andrew Jackson 78 1767–1845
64%
24 George Washington 67 1732–1799
64%
6 Herbert Hoover 90 1874–1964
64%
37 James K. Polk 53 1795–1849
64%
15 James Monroe 73 1758–1831
64%
11 Martin Van Buren 79 1782–1862
64%
33 William McKinley 58 1843–1901
64%
23 Woodrow Wilson 67 1856–1924
64%
31 Calvin Coolidge 60 1872–1933
59%
14 James Buchanan 77 1791–1868
59%
17 John Tyler 71 1790–1862
59%
38 James A. Garfield 49 1831–1881
55%
27 Lyndon B. Johnson 64 1908–1973
55%
32 Theodore Roosevelt 60 1858–1919
55%
35 Chester A. Arthur 57 1829–1886
50%
28 Franklin Pierce 64 1804–1869
50%
20 Rutherford B. Hayes 70 1822–1893
50%
29 Ulysses S. Grant 63 1822–1885
50%
26 Zachary Taylor 65 1784–1850
50%
25 Andrew Johnson 66 1808–1875
45%
22 Benjamin Harrison 67 1833–1901
45%
18 John Tyler 71 1790–1862
45%
34 Warren G. Harding 57 1865–1923
45%
No matching quizzes found
Score Distribution
Percent of People with Each Score
Percentile by Number Answered
Your Score History
You have not taken this quiz